000 01502cam a2200133 4500500
005 20260329041659.0
041 _afre
042 _adc
100 1 0 _aChabot, Pascal
_eauthor
245 0 0 _aGlobal burn-out
260 _bPresses Universitaires de France,
_c2013.
520 _aLe burn-out est la maladie du XXIe siècle, comme la mélancolie pour le XIXe, et la paranoïa ou la schizophrénie pour leXXe. Mais qu’est-ce qu’une maladie de civilisation ? Dans Global Burn-out, Pascal Chabot répond à cette question en tentant d’éclaircir les raisons qui, aujourd’hui, jettent tant de femmes et d’hommes dans le désespoir professionnel. Le paysage qu’il dessine ainsi est celui d’une postmodernité dévastée par les exigences contradictoires de performance et de motivation, de perfection et d’équilibre, de reconnaissance et de sujétion formulées par un système broyeur, dont le seul souci est l’argent. Pourtant, si son réquisitoire contre les responsables de la situation contemporaine du travail est impitoyable, Pascal Chabot n’en dessine pas moins un horizon de changement: celui d’un nouveau pacte de civilisation, qui répondrait aux déséquilibres propres à l’univers professionnel épuisé de notre époque par l’invention de nouveaux équilibres, restituant au travail sa vérité oubliée. Un grand livre de combat et d’espoir.
856 4 1 _uhttps://shs.cairn.info/global-burn-out--9782130608455?lang=fr&redirect-ssocas=7080
999 _c1980939
_d1980939